| 000 | 00844 a2200265 4500 | ||
|---|---|---|---|
| 001 | 200003109 | ||
| 650 | 0 |
_aCriminal law _zTurkey _xTurkey. _939535 |
|
| 999 |
_c200003109 _d34732 |
||
| 003 | TR-AnTOB | ||
| 005 | 20240829130942.0 | ||
| 008 | 111206e2010 tu 001 0 | ||
| 020 | _a9757100157 | ||
| 040 | _aTR-AnTOB | ||
| 041 | 0 | _atur | |
| 050 | 0 | 0 |
_aKKX3800 _b.H345 2010 |
| 090 | _aKKX3800 .H345 2010 | ||
| 100 | 1 |
_aHafızoğulları, Zeki _9106158 |
|
| 245 | 1 | 0 |
_aTürk Ceza Hukuku : _bözel hükümler: _bkişilere karşı suçlar / _cZeki Hafızoğulları, Muharrem Özen. |
| 264 | 1 |
_aAnkara: _bUS-A Yayıncılık , _c2010. |
|
| 300 |
_axxxix, 406 p. : _c25 cm. |
||
| 504 | _aBibliyografik notlar ve dizin vardır. | ||
| 650 | 7 |
_aCeza hukuku _zTürkiye _xTürkiye. _2etuturkob _948989 |
|
| 700 | 1 |
_aÖzen, Muharrem, _d1964- _9121502 |
|
| 942 | _cBK | ||